[Event "Philadelphia"]
[Site "Philadelphia"]
[Date "1988.??.??"]
[Round "12"]
[White "Donaldson, John W"]
[Black "Popovych, Orest"]
[Result "1/2-1/2"]
[WhiteElo "2415"]
[BlackElo "2310"]
[PlyCount "21"]
[EventDate "1988.??.??"]
[EventType "tourn"]
[EventRounds "13"]
[EventCountry "USA"]
[EventCategory "3"]
[SourceTitle "EXT 2006"]
[Source "ChessBase"]
[SourceDate "2005.11.24"]
[SourceVersion "1"]
[SourceVersionDate "2005.11.24"]
[SourceQuality "1"]

1. c4 e5 2. Nc3 Nc6 3. g3 g6 4. Bg2 Bg7 5. d3 d6 6. e4 Be6 7. Nge2 Qd7 8. Nd5 Nce7 9. d4 Nxd5 10. cxd5 Bh3 11. 0-0 1/2-1/2

[Event "World op"]
[Site "Philadelphia"]
[Date "1988.??.??"]
[Round "?"]
[White "Popovych, Orest"]
[Black "Lane, Gary William"]
[Result "1-0"]
[WhiteElo "2310"]
[BlackElo "2395"]
[PlyCount "61"]
[EventDate "1988.06.??"]
[EventType "swiss"]
[EventRounds "11"]
[EventCountry "USA"]
[SourceTitle "EXT 1997"]
[Source "ChessBase"]
[SourceDate "1996.11.15"]
[SourceVersion "1"]
[SourceVersionDate "1996.11.15"]
[SourceQuality "1"]

1. e4 e5 2. f4 Bc5 3. Nf3 d6 4. c3 Nc6 5. Bb5 Nf6 6. d4 exd4 7. cxd4 Bb4+ 8. Bd2 Bxd2+ 9. Nbxd2 0-0 10. d5 Nb8 11. Bd3 c6 12. dxc6 Nxc6 13. 0-0 Bg4 14. Qb3 Bxf3 15. Nxf3 Qb6+ 16. Qxb6 axb6 17. a3 d5 18. e5 Nd7 19. Rad1 Nc5 20. Bb1 Rad8 21. Ba2 d4 22. b4 Na4 23. b5 Nc3 24. bxc6 Nxd1 25. c7 Ra8 26. Rxd1 Rxa3 27. Bc4 Rc3 28. Rxd4 b5 29. Nd2 Rxc4 30. Nxc4 bxc4 31. Rd8 1-0